<?xml version="1.0" encoding="UTF-8"?>
<record
    xmlns:xsi="http://www.w3.org/2001/XMLSchema-instance"
    xsi:schemaLocation="http://www.loc.gov/MARC21/slim http://www.loc.gov/standards/marcxml/schema/MARC21slim.xsd"
    xmlns="http://www.loc.gov/MARC21/slim">

  <leader>01550cam a2200349Ia 4500</leader>
  <controlfield tag="001">5555544</controlfield>
  <controlfield tag="005">20220326193307.0</controlfield>
  <controlfield tag="008">060222s2004    es a     b    000 0 spa d</controlfield>
  <datafield tag="010" ind1=" " ind2=" ">
    <subfield code="a">  2006429086</subfield>
  </datafield>
  <datafield tag="020" ind1=" " ind2=" ">
    <subfield code="a">9992381078</subfield>
  </datafield>
  <datafield tag="020" ind1=" " ind2=" ">
    <subfield code="a">9789992381076</subfield>
  </datafield>
  <datafield tag="035" ind1=" " ind2=" ">
    <subfield code="a">(NNC)5555544</subfield>
  </datafield>
  <datafield tag="035" ind1=" " ind2=" ">
    <subfield code="a">(OCoLC)ocm69663150</subfield>
  </datafield>
  <datafield tag="040" ind1=" " ind2=" ">
    <subfield code="a">CDS</subfield>
    <subfield code="c">CDS</subfield>
    <subfield code="d">DLC</subfield>
  </datafield>
  <datafield tag="041" ind1="1" ind2=" ">
    <subfield code="a">spa</subfield>
    <subfield code="h">eng</subfield>
  </datafield>
  <datafield tag="082" ind1=" " ind2=" ">
    <subfield code="a">759.728.4</subfield>
    <subfield code="b">F672e</subfield>
  </datafield>
  <datafield tag="100" ind1=" " ind2=" ">
    <subfield code="a">Croquer, Luis.</subfield>
    <subfield code="9">1822</subfield>
  </datafield>
  <datafield tag="245" ind1="0" ind2="0">
    <subfield code="a">El Salvador :</subfield>
    <subfield code="b">panor&#xE1;mica de la pintura siglo XX : muestra Puntos Cardinales = A panorama of 20th century painting : Cardinal Points exhibition /</subfield>
    <subfield code="c">Luis Croquer, textos curatoriales ; B&#xE9;lgica Rodr&#xED;guez, introducci&#xF3;n ; Federico Trujillo, fotograf&#xED;a ; Claudia Allwood, coordinaci&#xF3;n editorial.</subfield>
  </datafield>
  <datafield tag="246" ind1="3" ind2="0">
    <subfield code="a">Panor&#xE1;mica de la pintura siglo XX</subfield>
  </datafield>
  <datafield tag="246" ind1="3" ind2="1">
    <subfield code="a">El Salvador : a panorama of 20th century painting</subfield>
  </datafield>
  <datafield tag="250" ind1=" " ind2=" ">
    <subfield code="a">1. ed.</subfield>
  </datafield>
  <datafield tag="260" ind1=" " ind2=" ">
    <subfield code="a">San Salvador :</subfield>
    <subfield code="b">Banco Agr&#xED;cola,</subfield>
    <subfield code="c">c2004.</subfield>
  </datafield>
  <datafield tag="300" ind1=" " ind2=" ">
    <subfield code="a">191 p. :</subfield>
    <subfield code="b">col. ill. ;</subfield>
    <subfield code="c">35 cm.</subfield>
  </datafield>
  <datafield tag="504" ind1=" " ind2=" ">
    <subfield code="a">Includes bibliographical references (p. 191).</subfield>
  </datafield>
  <datafield tag="505" ind1=" " ind2=" ">
    <subfield code="t">Presentaci&#xF3;n</subfield>
    <subfield code="t">Prologo </subfield>
    <subfield code="t">Introducci&#xF3;n</subfield>
    <subfield code="t">Puntos Cardinales: Propuesta curatorial</subfield>
    <subfield code="t">Memoria y Cultura</subfield>
    <subfield code="t">Rostros y Figuras</subfield>
    <subfield code="t">Realidad y Fantasia</subfield>
    <subfield code="t">Entorno y materia </subfield>
    <subfield code="t">Una  aproximaci&#xF3;n Hist&#xF3;rica </subfield>
    <subfield code="t">Construyendo un sue&#xF1;o</subfield>
    <subfield code="t">Bibliografia</subfield>
  </datafield>
  <datafield tag="546" ind1=" " ind2=" ">
    <subfield code="a">Spanish text with parallel English translation.</subfield>
  </datafield>
  <datafield tag="650" ind1=" " ind2="0">
    <subfield code="a">Painting, Salvadoran</subfield>
    <subfield code="y">20th century.</subfield>
    <subfield code="9">1823</subfield>
  </datafield>
  <datafield tag="700" ind1="1" ind2=" ">
    <subfield code="a">Croquer, Luis.</subfield>
    <subfield code="9">1824</subfield>
  </datafield>
  <datafield tag="948" ind1="0" ind2=" ">
    <subfield code="a">20060222</subfield>
    <subfield code="b">b</subfield>
    <subfield code="c">rhg9</subfield>
    <subfield code="d">SCMC</subfield>
  </datafield>
  <datafield tag="948" ind1="1" ind2=" ">
    <subfield code="a">20090623</subfield>
    <subfield code="b">c</subfield>
    <subfield code="c">rhg9</subfield>
    <subfield code="d">SCMC</subfield>
  </datafield>
  <datafield tag="999" ind1=" " ind2=" ">
    <subfield code="c">384</subfield>
    <subfield code="d">384</subfield>
  </datafield>
  <datafield tag="952" ind1=" " ind2=" ">
    <subfield code="0">0</subfield>
    <subfield code="1">0</subfield>
    <subfield code="2">ddc</subfield>
    <subfield code="4">0</subfield>
    <subfield code="7">0</subfield>
    <subfield code="a">LV</subfield>
    <subfield code="b">LV</subfield>
    <subfield code="c">Pensamiento</subfield>
    <subfield code="d">2014-11-28</subfield>
    <subfield code="l">0</subfield>
    <subfield code="o">759.728.4 F672e</subfield>
    <subfield code="p">003967</subfield>
    <subfield code="r">2014-11-28 00:00:00</subfield>
    <subfield code="w">2014-11-28</subfield>
    <subfield code="y">01</subfield>
  </datafield>
</record>
